000 01359nam a2200349 c 4500
003 BLK
005 20240520095833.0
008 180412b bul|||||r ||||||| ||bul||
010 _aKNG00016676000
020 _a978-954-9415-60-5
_bиздат.: Водолей
040 _aBLK
041 _aBUL
_cBUL
072 7 _2bullib
_aН84
_xБългарска художествена литература Н
080 _aБългарска литература
_b821.163.2
_x-31
_z821.163.2-31
100 1 _aХристозов, Петър
_eпърви автор
_9251078
700 1 _aВълчев, Христо Димитров
_9258741
139 _aХристозов, Петър
_bХ 82
245 1 0 _aШегите на Дявола или Малката терца на Сатаната
_bРоман
_cПетър Христозов; Христо Димитров Вълчев.
257 _aBGR
260 София
_bВодолей
_c2010
300 _a152 с.
_c20 см
380 _aX
500 _aПетър Христозов - псевд. на Христо Вълчев. - Офс. изд.
653 _aромани
659 _aН
852 _aЦб 251226
856 4 _qpdf
_u
856 4 _qpdf
_u
942 _cKNG
_n0
_09
944 _aCR
_c17.03.2011
_lЦветелина Шанова
_k30531
944 _aED
_c26.04.2011
_lф /
_k
999 _c14937
_d14937